000 00671nam a2200205Ia 4500
001 8862
003 GE_BSU
008 181216s||||||||xx |||||||||||||| ||und||
040 _cGE_BSU
080 _a821.353.1-1+821.353.1-11
100 _aკალაძე,კარლო
245 _aლექსები,პოემები
245 _cრედ. შ.სულაბერიძე, მხატვ. ს. კეცხოველი
260 _aთბილისი
260 _bსახელგამი
260 _c1957
300 _a484გვ.1ფ.პორტრ.21სმ.
653 _aლექსები,პოემები
942 _cBK
999 _c42169
_d42169